Teoría y problemas de probabilidad

Bibliographic Details
Main Authors: Lipschutz, Seymour, Schiller, John
Format: Section = Libro
Language:Undetermined
Spanish
Published: Colombia McGraw-Hill 1971
Subjects:
LEADER 00587nam a2200217Ia 4500
008 240829s9999 xx 000 0 und d
040 |a BIBLIOTECA-RUSB/ 519.2 L767 
041 |a spa 
082 |a 519.2 L767 
100 1 |a Lipschutz, Seymour  
100 1 |b  Schiller, John 
245 1 0 |a Teoría y problemas de probabilidad 
260 |a Colombia  |b McGraw-Hill  |c 1971 
300 |a 153 p. :il. 
650 7 |a PROBABILIDAD ESTADISTICA 
650 7 |b  ESTADiSTICA DESCRIPTIVA 
650 7 |c  CONJUNTOS Y CALCULO 
650 7 |d  VARIABLES ALEATORIAS 
942 |c BK  |2 ddc 
991 |a TEXTO 
999 |c 1873